000 00801nas a22002411i#4500
001 874
003 ES-MaACL
005 20250910213724.0
007 t|
008 950801d18761919it m| | 1 ||ta d
245 0 3 _aIl FilangieiI
_b: rivista periodica mensuale di scienze giuridiche e politico-amministrative /
_cdir. F. Persico, E. Pessina, G. Polignani.
260 _aNapoli :
_bLeonardo Valladi,
_c1876-1919 (
_fDe Angelis)
300 _a2 v. ;
_c25 cm.
310 _aMensual
362 0 _aanno 1-44; genn. 1876-sett./dic. 1919.
650 7 _aDerecho-
_zItalia
_2
_9155182
700 1 _aPersico, F.
_991397
700 1 _aPessina, Enrico,
_d1828-1916
_991450
700 1 _aPolignani, G,
_edir.
_9227544
852 _aES-MaACL
_jG-5304-05
866 0 _o1879-80.
999 _c874
_d874